<?xml version="1.0" encoding="UTF-8"?>
<record
    xmlns:xsi="http://www.w3.org/2001/XMLSchema-instance"
    xsi:schemaLocation="http://www.loc.gov/MARC21/slim http://www.loc.gov/standards/marcxml/schema/MARC21slim.xsd"
    xmlns="http://www.loc.gov/MARC21/slim">

  <leader>00755cam a22002531  4500</leader>
  <controlfield tag="001">sa 68008149 </controlfield>
  <controlfield tag="003">DLC</controlfield>
  <controlfield tag="005">20260227112529.0</controlfield>
  <controlfield tag="008">941027s1966    ii c     b    000 0 gujo </controlfield>
  <datafield tag="010" ind1=" " ind2=" ">
    <subfield code="a">sa 68008149 </subfield>
  </datafield>
  <datafield tag="025" ind1=" " ind2=" ">
    <subfield code="a">PL480:I-Gu-813</subfield>
  </datafield>
  <datafield tag="035" ind1=" " ind2=" ">
    <subfield code="a">(OCoLC)31368347</subfield>
  </datafield>
  <datafield tag="040" ind1=" " ind2=" ">
    <subfield code="a">DLC</subfield>
    <subfield code="c">CU</subfield>
    <subfield code="d">CU</subfield>
    <subfield code="d">DLC</subfield>
  </datafield>
  <datafield tag="042" ind1=" " ind2=" ">
    <subfield code="a">premarc</subfield>
  </datafield>
  <datafield tag="050" ind1="0" ind2="0">
    <subfield code="a">PK1851</subfield>
    <subfield code="b">.N3</subfield>
  </datafield>
  <datafield tag="245" ind1="0" ind2="0">
    <subfield code="a">Na&#x1E0D;iy&#x101;dan&#x12B; s&#x101;kshara tripu&#x1E6D;&#x12B;n&#x12B; smr&#x325;tim&#x101;&#x1E43;.</subfield>
  </datafield>
  <datafield tag="260" ind1=" " ind2=" ">
    <subfield code="c">[1967 i.e. 1966]</subfield>
  </datafield>
  <datafield tag="300" ind1=" " ind2=" ">
    <subfield code="a">6, 368 p.</subfield>
    <subfield code="b">ports.</subfield>
    <subfield code="c">19 cm.</subfield>
  </datafield>
  <datafield tag="500" ind1=" " ind2=" ">
    <subfield code="a">In Gujarati.</subfield>
  </datafield>
  <datafield tag="504" ind1=" " ind2=" ">
    <subfield code="a">Bibliographical footnotes.</subfield>
  </datafield>
  <datafield tag="600" ind1="1" ind2="0">
    <subfield code="a">Tripathi, Govardhanarama Madhavarama,</subfield>
    <subfield code="d">1855-1907.</subfield>
  </datafield>
  <datafield tag="600" ind1="2" ind2="0">
    <subfield code="a">Dvivedi, Manilal Nabhubhai.</subfield>
  </datafield>
  <datafield tag="600" ind1="1" ind2="0">
    <subfield code="a">Kanth&#x101;riy&#x101;, B&#x101;l&#x101;&#x15B;a&#x1E45;kara Ull&#x101;sar&#x101;ma,</subfield>
    <subfield code="d">1858-1898.</subfield>
  </datafield>
  <datafield tag="999" ind1=" " ind2=" ">
    <subfield code="c">82272</subfield>
    <subfield code="d">82272</subfield>
  </datafield>
</record>
